| 000 | 00366nam a22001217a 4500 | ||
|---|---|---|---|
| 999 |
_c2177 _d2177 |
||
| 005 | 20200910095913.0 | ||
| 008 | 200910b ||||| |||| 00| 0 eng d | ||
| 020 | _a0026358824 | ||
| 040 | _cCML | ||
| 245 |
_aWriter's Choice: Grammar and Composition 9. _cStrong, W. |
||
| 260 |
_aNew york _bMcGraw-Hill _c1996 |
||
| 942 |
_2ddc _cBK _e1st Edition _h808 _mSTR |
||